Dayanand laghugranth sangrah (Record no. 397041)

MARC details
000 -LEADER
fixed length control field 00563 a2200217 4500
005 - DATE & TIME
control field 20260512164235.0
008 - FIXED-LENGTH DATA ELEMENTS--GENERAL INFORMATION
fixed length control field 260512b |||||||| |||| 00| 0 eng d
020 ## - ISBN
Price Rs. 25.00
International Standard Book Number X
040 ## - CATALOGING SOURCE
Original cataloging agency VIVEKANANDA LIBRARY
082 ## - DDC NUMBER
Classification number 294.5563
Book Number D33D
100 ## - MAIN ENTRY--PERSONAL NAME
Personal name Dayanand Saraswati, Maharashi
245 ## - TITLE STATEMENT
Title Dayanand laghugranth sangrah
260 ## - PUBLICATION, DISTRIBUTION, ETC. (IMPRINT)
Place of publication, distribution, etc New Delhi
Name of publisher, distributor, etc Vedic Prakashan
Date of publication, distribution, etc 2012
300 ## - PHYSICAL DESCRIPTION
Pages 224
650 ## - Subject
Subject Religions
650 ## - Subject
Subject Religions of Indian origins
650 ## - Subject
Subject Hinduism
650 ## - Subject
Subject Arya Samaj
700 ## - Added Entry Personal Name
Added Entry Personal Name Saraswati, Jagdishvranand
942 ## - ADDED ENTRY ELEMENTS (KOHA)
Koha item type Books
Holdings
Withdrawn status Lost status Source of classification or shelving scheme Damaged status Not for loan Location (home branch) Sublocation or collection (holding branch) Shelving location Date acquired Koha issues (times borrowed) Koha full call number Accession No. Koha date last seen Koha item type
    Dewey Decimal Classification     VIVEKANANDA LIBRARY VIVEKANANDA LIBRARY Vivekananda Library 17/03/2026   294.5563 D33D 438808 17/03/2026 Books
    Dewey Decimal Classification     VIVEKANANDA LIBRARY VIVEKANANDA LIBRARY Vivekananda Library 17/03/2026   294.5563 D33D 438809 17/03/2026 Books
© Designed and Maintained by Vivekananda Library, MDU Rohtak